[Event "Masters Tournament (MTO)"]
[Site "Biel, CH"]
[Date "2025.07.22"]
[Round "8"]
[White "Doluhanova, Evgeniya"]
[Black "Gloeckler, Christian"]
[Result "1/2-1/2"]
[Board "8"]
[WhiteFideId "14112035"]
[BlackFideId "34608966"]
[WhiteTitle "WGM"]
[BlackTitle "FM"]
[WhiteElo "2256"]
[BlackElo "2439"]
[WhiteTeam "UKR"]
[BlackTeam "GER"]
[WhiteClock "0:03:28"]
[BlackClock "0:05:12"]
[Variant "Standard"]

1. d4 {[%clk 1:40:24]}  Nf6 {[%clk 1:40:54]} 2. c3 {[%clk 1:40:41]}  d5 {[%clk 1:41:14]} 3. Bf4 {[%clk 1:40:42]}  c5 {[%clk 1:41:38]} 4. e3 {[%clk 1:41:07]}  Nc6 {[%clk 1:42:03]} 5. Bd3 {[%clk 1:40:59]}  Bg4 {[%clk 1:33:02]} 6. f3 {[%clk 1:36:35]}  Bh5 {[%clk 1:27:23]} 7. g4 {[%clk 1:33:10]}  Bg6 {[%clk 1:27:11]} 8. h4 {[%clk 1:15:20]}  Qb6 {[%clk 1:17:47]} 9. Rh2 {[%clk 1:27:09]}  c4 {[%clk 1:00:52]} 10. Bf1 {[%clk 1:22:56]}  h5 {[%clk 0:57:20]} 11. g5 {[%clk 1:23:15]}  Nd7 {[%clk 0:57:41]} 12. b3 {[%clk 1:22:51]}  cxb3 {[%clk 0:51:09]} 13. axb3 {[%clk 1:22:56]}  e5 {[%clk 0:49:37]} 14. dxe5 {[%clk 1:13:34]}  Bc5 {[%clk 0:46:32]} 15. Qxd5 {[%clk 1:11:51]}  Bxe3 {[%clk 0:42:41]} 16. e6 {[%clk 1:08:16]}  Bxf4 {[%clk 0:37:50]} 17. exd7+ {[%clk 1:06:07]}  Kf8 {[%clk 0:35:51]} 18. Rg2 {[%clk 1:03:16]}  Rd8 {[%clk 0:29:37]} 19. Ne2 {[%clk 0:26:28]}  Be3 {[%clk 0:27:55]} 20. Na3 {[%clk 0:18:52]}  Rxd7 {[%clk 0:06:13]} 21. Qxd7 {[%clk 0:17:37]}  Ne5 {[%clk 0:08:24]} 22. Qd5 {[%clk 0:11:29]}  Nd3+ {[%clk 0:08:20]} 23. Kd1 {[%clk 0:11:20]}  Nb2+ {[%clk 0:04:59]} 24. Ke1 {[%clk 0:11:41]}  Nd3+ {[%clk 0:05:19]} 25. Kd1 {[%clk 0:05:00]}  Nb2+ {[%clk 0:05:22]} 26. Ke1 {[%clk 0:05:26]}  Nd3+ {[%clk 0:05:09]} 27. Kd1 {[%clk 0:03:40]}  Nb2+ {[%clk 0:05:12]} 28. Ke1 {[%clk 0:03:29]}  Nd3+ {[%clk 0:05:12]} 29. Qxd3 {[%clk 0:03:28]} 1/2-1/2

[Event "Masters Tournament (MTO)"]
[Site "Biel, CH"]
[Date "2025.07.22"]
[Round "8"]
[White "Baenziger, Fabian"]
[Black "Kueppers, Timo"]
[Result "1-0"]
[Board "9"]
[WhiteFideId "1330110"]
[BlackFideId "16205820"]
[WhiteTitle "IM"]
[BlackTitle "FM"]
[WhiteElo "2450"]
[BlackElo "2292"]
[WhiteTeam "SUI"]
[BlackTeam "GER"]
[WhiteClock "0:52:06"]
[BlackClock "0:11:29"]
[Variant "Standard"]

1. Nf3 {[%clk 1:40:56]}  Nf6 {[%clk 1:33:01]} 2. g3 {[%clk 1:41:01]}  d5 {[%clk 1:29:58]} 3. Bg2 {[%clk 1:40:58]}  c5 {[%clk 1:28:27]} 4. O-O {[%clk 1:41:09]}  g6 {[%clk 1:25:54]} 5. d4 {[%clk 1:37:39]}  cxd4 {[%clk 1:25:15]} 6. Nxd4 {[%clk 1:38:01]}  Bg7 {[%clk 1:26:11]} 7. Nb3 {[%clk 1:37:02]}  O-O {[%clk 1:25:46]} 8. Nc3 {[%clk 1:37:27]}  e6 {[%clk 1:24:54]} 9. Re1 {[%clk 1:33:57]}  Nc6 {[%clk 1:22:15]} 10. a4 {[%clk 1:33:44]}  Nh5 {[%clk 1:11:56]} 11. e4 {[%clk 1:27:06]}  d4 {[%clk 1:18:59]} 12. Nb5 {[%clk 1:27:31]}  e5 {[%clk 1:18:10]} 13. c3 {[%clk 1:27:15]}  Qe7 {[%clk 0:40:24]} 14. cxd4 {[%clk 1:21:41]}  exd4 {[%clk 0:35:38]} 15. e5 {[%clk 1:21:18]}  Nxe5 {[%clk 0:32:02]} 16. f4 {[%clk 1:19:16]}  Bg4 {[%clk 0:29:42]} 17. Qxg4 {[%clk 1:17:24]}  Nf3+ {[%clk 0:29:56]} 18. Qxf3 {[%clk 1:17:26]}  Qxe1+ {[%clk 0:30:22]} 19. Bf1 {[%clk 1:15:57]}  Rad8 {[%clk 0:26:05]} 20. Bd2 {[%clk 1:10:06]}  Qe6 {[%clk 0:24:13]} 21. Re1 {[%clk 1:09:04]}  Qd5 {[%clk 0:12:54]} 22. Qxd5 {[%clk 1:03:37]}  Rxd5 {[%clk 0:06:19]} 23. Bb4 {[%clk 0:57:35]}  Rb8 {[%clk 0:16:56]} 24. Bc4 {[%clk 0:57:12]}  Rdd8 {[%clk 0:15:09]} 25. Be7 {[%clk 0:51:30]}  a6 {[%clk 0:11:29]} 26. Nd6 {[%clk 0:52:06]} 1-0

[Event "Masters Tournament (MTO)"]
[Site "Biel, CH"]
[Date "2025.07.22"]
[Round "8"]
[White "Banh Gia Huy"]
[Black "Deshpande, Aniruddha"]
[Result "1-0"]
[Board "10"]
[WhiteFideId "12424714"]
[BlackFideId "5021774"]
[WhiteTitle "IM"]
[BlackTitle "FM"]
[WhiteElo "2445"]
[BlackElo "2263"]
[WhiteTeam "VIE"]
[BlackTeam "IND"]
[WhiteClock "0:01:35"]
[BlackClock "0:01:40"]
[Variant "Standard"]

1. c4 {[%clk 1:40:31]}  c5 {[%clk 1:39:22]} 2. Nf3 {[%clk 1:40:53]}  Nf6 {[%clk 1:38:48]} 3. g3 {[%clk 1:41:19]}  d5 {[%clk 1:38:37]} 4. cxd5 {[%clk 1:41:42]}  Nxd5 {[%clk 1:39:02]} 5. Bg2 {[%clk 1:42:09]}  Nc6 {[%clk 1:39:18]} 6. Nc3 {[%clk 1:42:02]}  Nc7 {[%clk 1:39:18]} 7. a3 {[%clk 1:42:13]}  e5 {[%clk 1:39:35]} 8. b4 {[%clk 1:41:53]}  f6 {[%clk 1:35:14]} 9. Rb1 {[%clk 1:34:23]}  cxb4 {[%clk 1:23:44]} 10. axb4 {[%clk 1:33:26]}  Be7 {[%clk 1:06:27]} 11. b5 {[%clk 1:19:49]}  Nd4 {[%clk 1:19:56]} 12. Nxd4 {[%clk 1:12:42]}  exd4 {[%clk 1:15:46]} 13. Na4 {[%clk 1:15:40]}  Bf5 {[%clk 1:13:18]} 14. d3 {[%clk 1:13:33]}  b6 {[%clk 1:03:16]} 15. O-O {[%clk 1:02:25]}  Rc8 {[%clk 0:47:05]} 16. Qb3 {[%clk 0:52:25]}  Be6 {[%clk 0:58:05]} 17. Qb2 {[%clk 0:50:49]}  Kf7 {[%clk 0:55:25]} 18. Bf4 {[%clk 0:40:27]}  Nd5 {[%clk 0:51:08]} 19. Bd2 {[%clk 0:29:17]}  f5 {[%clk 0:42:31]} 20. e4 {[%clk 0:35:48]}  dxe3 {[%clk 0:29:57]} 21. fxe3 {[%clk 0:35:52]}  Bf6 {[%clk 0:30:00]} 22. d4 {[%clk 0:36:09]}  h5 {[%clk 0:28:39]} 23. Rbc1 {[%clk 0:27:07]}  Qd7 {[%clk 0:17:25]} 24. Nc3 {[%clk 0:21:10]}  h4 {[%clk 0:10:57]} 25. Ne2 {[%clk 0:17:35]}  hxg3 {[%clk 0:17:32]} 26. hxg3 {[%clk 0:17:44]}  g5 {[%clk 0:16:38]} 27. Rxc8 {[%clk 0:15:30]}  Rxc8 {[%clk 0:15:25]} 28. g4 {[%clk 0:06:52]}  Kg7 {[%clk 0:05:33]} 29. Ng3 {[%clk 0:01:34]}  Nf4 {[%clk 0:03:00]} 30. Rxf4 {[%clk 0:02:53]}  gxf4 {[%clk 0:03:23]} 31. Nh5+ {[%clk 0:03:21]}  Kg6 {[%clk 0:01:33]} 32. Nxf6 {[%clk 0:03:16]}  Qf7 {[%clk 0:01:07]} 33. Nh5 {[%clk 0:02:44]}  fxg4 {[%clk 0:00:55]} 34. Nxf4+ {[%clk 0:03:00]}  Kh7 {[%clk 0:01:16]} 35. Qb1+ {[%clk 0:02:12]}  Kg8 {[%clk 0:01:12]} 36. Nxe6 {[%clk 0:01:25]}  Qxe6 {[%clk 0:01:40]} 37. Qe4 {[%clk 0:01:35]} 1-0

[Event "Masters Tournament (MTO)"]
[Site "Biel, CH"]
[Date "2025.07.22"]
[Round "8"]
[White "Adewumi, Tanitoluwa"]
[Black "Saminskij, Jan"]
[Result "1-0"]
[Board "11"]
[WhiteFideId "30966396"]
[BlackFideId "1346962"]
[WhiteTitle "FM"]
[WhiteElo "2397"]
[BlackElo "2230"]
[WhiteTeam "USA"]
[BlackTeam "SUI"]
[WhiteClock "0:38:23"]
[BlackClock "0:13:28"]
[Variant "Standard"]

1. d4 {[%clk 1:40:57]}  d5 {[%clk 1:40:38]} 2. Nf3 {[%clk 1:41:22]}  Nf6 {[%clk 1:40:19]} 3. Bf4 {[%clk 1:41:44]}  e6 {[%clk 1:40:11]} 4. e3 {[%clk 1:42:02]}  c5 {[%clk 1:38:28]} 5. Nbd2 {[%clk 1:42:01]}  Bd6 {[%clk 1:37:33]} 6. c3 {[%clk 1:41:41]}  O-O {[%clk 1:36:16]} 7. Bd3 {[%clk 1:41:25]}  Qc7 {[%clk 1:30:42]} 8. Bxd6 {[%clk 1:41:30]}  Qxd6 {[%clk 1:31:05]} 9. Ne5 {[%clk 1:41:56]}  Nbd7 {[%clk 1:28:02]} 10. f4 {[%clk 1:41:34]}  c4 {[%clk 1:27:02]} 11. Bc2 {[%clk 1:40:24]}  b5 {[%clk 1:26:52]} 12. a3 {[%clk 1:38:56]}  Bb7 {[%clk 1:26:01]} 13. Qf3 {[%clk 1:37:33]}  Qe7 {[%clk 1:16:32]} 14. O-O {[%clk 1:35:03]}  g6 {[%clk 1:08:22]} 15. g4 {[%clk 1:17:10]}  Rae8 {[%clk 0:54:08]} 16. Qg2 {[%clk 1:10:00]}  Kh8 {[%clk 1:02:08]} 17. g5 {[%clk 1:05:44]}  Nh5 {[%clk 1:00:50]} 18. Ndf3 {[%clk 1:06:41]}  Nb6 {[%clk 0:57:02]} 19. Nh4 {[%clk 1:02:48]}  Rg8 {[%clk 0:43:43]} 20. Rf3 {[%clk 0:43:50]}  Nc8 {[%clk 0:42:57]} 21. Rh3 {[%clk 0:55:14]}  Nd6 {[%clk 0:33:05]} 22. Nhf3 {[%clk 0:47:11]}  Nf5 {[%clk 0:31:24]} 23. Ng4 {[%clk 0:45:55]}  Rg7 {[%clk 0:26:32]} 24. Nfe5 {[%clk 0:45:45]}  f6 {[%clk 0:20:59]} 25. Nxg6+ {[%clk 0:40:53]}  Rxg6 {[%clk 0:23:48]} 26. Rxh5 {[%clk 0:33:10]}  Reg8 {[%clk 0:21:22]} 27. h4 {[%clk 0:39:44]}  Qf7 {[%clk 0:15:07]} 28. Bxf5 {[%clk 0:36:44]}  exf5 {[%clk 0:14:46]} 29. Nh6 {[%clk 0:37:11]}  Qe8 {[%clk 0:14:19]} 30. Nxg8 {[%clk 0:37:34]}  Kxg8 {[%clk 0:12:30]} 31. Kf2 {[%clk 0:37:19]}  Bc6 {[%clk 0:12:42]} 32. Rh6 {[%clk 0:37:36]}  Rxh6 {[%clk 0:13:07]} 33. gxh6+ {[%clk 0:38:03]}  Qg6 {[%clk 0:13:28]} 34. Rg1 {[%clk 0:38:23]} 1-0

[Event "Masters Tournament (MTO)"]
[Site "Biel, CH"]
[Date "2025.07.22"]
[Round "8"]
[White "Chen, Yuan"]
[Black "Arfan, Aditya Bagus"]
[Result "1/2-1/2"]
[Board "12"]
[WhiteFideId "8618860"]
[BlackFideId "7106041"]
[BlackTitle "IM"]
[WhiteElo "2286"]
[BlackElo "2385"]
[WhiteTeam "CHN"]
[BlackTeam "INA"]
[WhiteClock "1:00:28"]
[BlackClock "1:11:05"]
[Variant "Standard"]

1. d4 {[%clk 1:40:57]}  d5 {[%clk 1:36:11]} 2. c4 {[%clk 1:40:52]}  dxc4 {[%clk 1:36:32]} 3. e3 {[%clk 1:35:45]}  Nf6 {[%clk 1:32:39]} 4. Bxc4 {[%clk 1:40:10]}  e6 {[%clk 1:33:05]} 5. Nf3 {[%clk 1:40:20]}  c5 {[%clk 1:33:14]} 6. Nc3 {[%clk 1:40:33]}  a6 {[%clk 1:32:45]} 7. O-O {[%clk 1:38:39]}  b5 {[%clk 1:33:02]} 8. Be2 {[%clk 1:39:00]}  Nbd7 {[%clk 1:31:49]} 9. a3 {[%clk 1:37:21]}  Bb7 {[%clk 1:32:15]} 10. dxc5 {[%clk 1:31:58]}  Bxc5 {[%clk 1:27:25]} 11. b4 {[%clk 1:32:05]}  Be7 {[%clk 1:27:26]} 12. Bb2 {[%clk 1:32:18]}  O-O {[%clk 1:26:50]} 13. a4 {[%clk 1:17:00]}  Bxb4 {[%clk 1:12:57]} 14. axb5 {[%clk 1:28:14]}  axb5 {[%clk 1:10:22]} 15. Rxa8 {[%clk 1:23:37]}  Qxa8 {[%clk 1:08:48]} 16. Nxb5 {[%clk 1:22:37]}  Qa5 {[%clk 0:56:18]} 17. Qa1 {[%clk 1:07:11]}  Ra8 {[%clk 0:55:13]} 18. Qxa5 {[%clk 1:07:01]}  Rxa5 {[%clk 1:06:54]} 19. Ra1 {[%clk 1:07:07]}  Rxa1+ {[%clk 1:07:20]} 20. Bxa1 {[%clk 1:07:34]}  Ne4 {[%clk 1:07:20]} 21. Ne5 {[%clk 1:04:51]}  Nxe5 {[%clk 1:07:02]} 22. Bxe5 {[%clk 1:05:57]}  f6 {[%clk 1:07:18]} 23. Bb8 {[%clk 1:04:11]}  Kf8 {[%clk 1:06:11]} 24. f3 {[%clk 1:04:04]}  Nc3 {[%clk 1:06:31]} 25. Nxc3 {[%clk 1:04:19]}  Bxc3 {[%clk 1:06:59]} 26. Bd6+ {[%clk 1:03:36]}  Ke8 {[%clk 1:07:11]} 27. Bb5+ {[%clk 1:02:59]}  Kf7 {[%clk 1:07:39]} 28. Bc4 {[%clk 1:03:13]}  Ba5 {[%clk 1:07:48]} 29. Bc5 {[%clk 1:03:05]}  Bc7 {[%clk 1:08:14]} 30. f4 {[%clk 1:03:09]}  Be4 {[%clk 1:07:07]} 31. Kf2 {[%clk 1:02:37]}  h5 {[%clk 1:09:03]} 32. g3 {[%clk 1:02:46]}  Ba5 {[%clk 1:07:56]} 33. Bb3 {[%clk 1:01:36]}  Bc7 {[%clk 1:09:47]} 34. Bc4 {[%clk 1:01:37]}  Ba5 {[%clk 1:09:16]} 35. Bb3 {[%clk 1:01:26]}  Bc7 {[%clk 1:10:39]} 36. Bc4 {[%clk 1:00:28]}  Ba5 {[%clk 1:11:05]} 1/2-1/2

[Event "Masters Tournament (MTO)"]
[Site "Biel, CH"]
[Date "2025.07.22"]
[Round "8"]
[White "Gruenfeld, Yehuda"]
[Black "Shvedova, Alexandra"]
[Result "1-0"]
[Board "13"]
[WhiteFideId "2800020"]
[BlackFideId "54154782"]
[WhiteTitle "GM"]
[BlackTitle "WFM"]
[WhiteElo "2367"]
[BlackElo "2204"]
[WhiteTeam "ISR"]
[BlackTeam "ITA"]
[WhiteClock "0:25:46"]
[BlackClock "0:00:56"]
[Variant "Standard"]

1. e4 {[%clk 1:40:57]}  c5 {[%clk 1:40:54]} 2. Nf3 {[%clk 1:41:19]}  d6 {[%clk 1:41:17]} 3. Bb5+ {[%clk 1:41:12]}  Nd7 {[%clk 1:41:27]} 4. c3 {[%clk 1:41:26]}  Ngf6 {[%clk 1:41:27]} 5. Bd3 {[%clk 1:41:46]}  a6 {[%clk 1:38:48]} 6. Bc2 {[%clk 1:42:02]}  c4 {[%clk 1:32:24]} 7. b3 {[%clk 1:33:38]}  b5 {[%clk 1:26:47]} 8. bxc4 {[%clk 1:33:30]}  bxc4 {[%clk 1:27:13]} 9. Na3 {[%clk 1:33:10]}  Qc7 {[%clk 1:26:10]} 10. Qe2 {[%clk 1:32:52]}  Nb6 {[%clk 1:23:20]} 11. e5 {[%clk 1:23:55]}  dxe5 {[%clk 1:17:05]} 12. Nxe5 {[%clk 1:23:41]}  Be6 {[%clk 1:16:38]} 13. Rb1 {[%clk 0:59:58]}  Nfd7 {[%clk 1:03:05]} 14. Nxd7 {[%clk 1:12:04]}  Bxd7 {[%clk 0:59:04]} 15. Qe4 {[%clk 1:07:56]}  Rd8 {[%clk 0:53:13]} 16. Qd4 {[%clk 1:07:19]}  Bb5 {[%clk 0:51:42]} 17. Nxb5 {[%clk 1:06:50]}  axb5 {[%clk 0:52:08]} 18. Qe4 {[%clk 1:06:12]}  Rd5 {[%clk 0:37:47]} 19. O-O {[%clk 1:04:27]}  g6 {[%clk 0:35:47]} 20. a4 {[%clk 1:03:44]}  Re5 {[%clk 0:30:12]} 21. Qf3 {[%clk 1:02:25]}  Bg7 {[%clk 0:26:32]} 22. a5 {[%clk 0:54:59]}  Nc8 {[%clk 0:24:26]} 23. a6 {[%clk 0:46:09]}  O-O {[%clk 0:23:31]} 24. d4 {[%clk 0:48:19]}  cxd3 {[%clk 0:22:15]} 25. Bxd3 {[%clk 0:48:39]}  Rh5 {[%clk 0:20:00]} 26. g3 {[%clk 0:43:36]}  Qa5 {[%clk 0:18:21]} 27. Qc6 {[%clk 0:42:24]}  Nd6 {[%clk 0:15:01]} 28. Be3 {[%clk 0:40:52]}  Bxc3 {[%clk 0:09:05]} 29. a7 {[%clk 0:37:40]}  Re5 {[%clk 0:02:15]} 30. Bb6 {[%clk 0:33:52]}  Qa3 {[%clk 0:05:09]} 31. Bxb5 {[%clk 0:30:41]}  Rc8 {[%clk 0:01:32]} 32. Qd7 {[%clk 0:28:12]}  Rxb5 {[%clk 0:01:16]} 33. Rxb5 {[%clk 0:27:32]}  Qa6 {[%clk 0:00:57]} 34. Rc5 {[%clk 0:26:46]}  Ra8 {[%clk 0:00:37]} 35. Qc6 {[%clk 0:25:24]}  Rc8 {[%clk 0:00:56]} 36. Qd5 {[%clk 0:25:46]} 1-0

[Event "Masters Tournament (MTO)"]
[Site "Biel, CH"]
[Date "2025.07.22"]
[Round "8"]
[White "Otsuka, Shou"]
[Black "Georgescu, Lena"]
[Result "1/2-1/2"]
[Board "14"]
[WhiteFideId "7004702"]
[BlackFideId "1331973"]
[WhiteTitle "FM"]
[BlackTitle "WGM"]
[WhiteElo "2362"]
[BlackElo "2185"]
[WhiteTeam "JPN"]
[BlackTeam "SUI"]
[WhiteClock "0:34:39"]
[BlackClock "0:20:26"]
[Variant "Standard"]

1. e4 {[%clk 1:40:14]}  e5 {[%clk 1:40:53]} 2. Nf3 {[%clk 1:40:41]}  Nc6 {[%clk 1:41:16]} 3. Bc4 {[%clk 1:41:06]}  Bc5 {[%clk 1:41:37]} 4. d3 {[%clk 1:41:23]}  Nf6 {[%clk 1:41:50]} 5. O-O {[%clk 1:41:30]}  d6 {[%clk 1:41:44]} 6. c3 {[%clk 1:41:40]}  a5 {[%clk 1:41:53]} 7. Nbd2 {[%clk 1:42:01]}  Ba7 {[%clk 1:41:55]} 8. Re1 {[%clk 1:41:52]}  O-O {[%clk 1:41:53]} 9. h3 {[%clk 1:42:13]}  Ne7 {[%clk 1:40:45]} 10. d4 {[%clk 1:35:06]}  Nc6 {[%clk 1:27:07]} 11. dxe5 {[%clk 1:31:17]}  Nxe5 {[%clk 1:31:31]} 12. Nxe5 {[%clk 1:24:48]}  dxe5 {[%clk 1:31:53]} 13. Qe2 {[%clk 1:17:02]}  Qe7 {[%clk 1:28:53]} 14. Nf1 {[%clk 1:12:41]}  Be6 {[%clk 1:18:52]} 15. Be3 {[%clk 1:08:24]}  Bxe3 {[%clk 1:17:30]} 16. Nxe3 {[%clk 1:05:55]}  Bxc4 {[%clk 1:14:00]} 17. Qxc4 {[%clk 1:04:56]}  g6 {[%clk 1:10:20]} 18. Rad1 {[%clk 0:50:20]}  Rfd8 {[%clk 1:09:03]} 19. Nd5 {[%clk 1:06:03]}  Nxd5 {[%clk 1:08:50]} 20. exd5 {[%clk 1:04:14]}  Qd6 {[%clk 0:59:39]} 21. Qb5 {[%clk 1:02:52]}  b6 {[%clk 0:56:26]} 22. b3 {[%clk 0:55:42]}  Re8 {[%clk 0:47:46]} 23. Re4 {[%clk 0:51:31]}  Rad8 {[%clk 0:41:54]} 24. Rc4 {[%clk 0:42:11]}  e4 {[%clk 0:44:19]} 25. Rc6 {[%clk 0:36:58]}  Qe5 {[%clk 0:39:42]} 26. Qc4 {[%clk 0:31:34]}  e3 {[%clk 0:34:04]} 27. fxe3 {[%clk 0:38:57]}  Qxe3+ {[%clk 0:34:19]} 28. Kh1 {[%clk 0:33:49]}  Qg3 {[%clk 0:31:36]} 29. Rf6 {[%clk 0:32:06]}  Re1+ {[%clk 0:26:42]} 30. Rxe1 {[%clk 0:37:26]}  Qxe1+ {[%clk 0:27:07]} 31. Rf1 {[%clk 0:36:56]}  Qe7 {[%clk 0:24:31]} 32. Qd4 {[%clk 0:33:09]}  Re8 {[%clk 0:21:23]} 33. Qf4 {[%clk 0:26:20]}  f5 {[%clk 0:16:30]} 34. Rd1 {[%clk 0:23:44]}  Qd6 {[%clk 0:09:00]} 35. Qxd6 {[%clk 0:23:18]}  cxd6 {[%clk 0:14:13]} 36. Rd4 {[%clk 0:22:19]}  Rc8 {[%clk 0:13:23]} 37. c4 {[%clk 0:23:25]}  Re8 {[%clk 0:09:47]} 38. Rd2 {[%clk 0:21:49]}  Kg7 {[%clk 0:08:50]} 39. b4 {[%clk 0:17:50]}  Re1+ {[%clk 0:06:48]} 40. Kh2 {[%clk 0:22:00]}  Rc1 {[%clk 0:03:12]} 41. c5 {[%clk 0:15:33]}  bxc5 {[%clk 0:01:33]} 42. bxa5 {[%clk 0:17:55]}  Rc4 {[%clk 0:28:00]} 43. Rb2 {[%clk 0:39:31]}  Ra4 {[%clk 0:25:44]} 44. Rb6 {[%clk 0:39:40]}  Rxa5 {[%clk 0:25:12]} 45. Rxd6 {[%clk 0:40:08]}  Rxa2 {[%clk 0:24:28]} 46. Rc6 {[%clk 0:37:56]}  f4 {[%clk 0:22:50]} 47. Rxc5 {[%clk 0:33:55]}  f3 {[%clk 0:22:29]} 48. Rc3 {[%clk 0:34:19]}  Rxg2+ {[%clk 0:20:06]} 49. Kh1 {[%clk 0:34:42]}  Rd2 {[%clk 0:19:27]} 50. Rxf3 {[%clk 0:34:29]}  Rxd5 {[%clk 0:19:24]} 51. Kg2 {[%clk 0:34:51]}  g5 {[%clk 0:18:58]} 52. Ra3 {[%clk 0:35:11]}  Kg6 {[%clk 0:19:16]} 53. Kg3 {[%clk 0:33:12]}  h5 {[%clk 0:19:31]} 54. Ra8 {[%clk 0:32:55]}  Rd3+ {[%clk 0:19:51]} 55. Kg2 {[%clk 0:33:22]}  h4 {[%clk 0:19:27]} 56. Rg8+ {[%clk 0:33:34]}  Kf5 {[%clk 0:19:51]} 57. Rf8+ {[%clk 0:34:00]}  Ke5 {[%clk 0:19:44]} 58. Re8+ {[%clk 0:33:55]}  Kf5 {[%clk 0:20:00]} 59. Rf8+ {[%clk 0:34:20]}  Ke5 {[%clk 0:20:26]} 60. Re8+ {[%clk 0:34:39]} 1/2-1/2

[Event "Masters Tournament (MTO)"]
[Site "Biel, CH"]
[Date "2025.07.22"]
[Round "8"]
[White "Federer, Colin"]
[Black "Talwalkar, Vedant"]
[Result "1-0"]
[Board "15"]
[WhiteFideId "1345117"]
[BlackFideId "30962498"]
[WhiteTitle "FM"]
[BlackTitle "FM"]
[WhiteElo "2303"]
[BlackElo "2014"]
[WhiteTeam "SUI"]
[BlackTeam "USA"]
[WhiteClock "0:18:57"]
[BlackClock "0:40:00"]
[Variant "Standard"]

1. e4 {[%clk 1:40:52]}  c5 {[%clk 1:40:50]} 2. Nf3 {[%clk 1:41:10]}  d6 {[%clk 1:41:13]} 3. d4 {[%clk 1:41:34]}  cxd4 {[%clk 1:41:37]} 4. Nxd4 {[%clk 1:41:59]}  Nf6 {[%clk 1:41:57]} 5. Nc3 {[%clk 1:42:25]}  Nc6 {[%clk 1:42:20]} 6. Bg5 {[%clk 1:42:35]}  e6 {[%clk 1:42:42]} 7. Qd2 {[%clk 1:42:59]}  a6 {[%clk 1:43:06]} 8. O-O-O {[%clk 1:43:21]}  Be7 {[%clk 1:43:26]} 9. f4 {[%clk 1:42:53]}  Bd7 {[%clk 1:43:10]} 10. Nf3 {[%clk 1:42:28]}  b5 {[%clk 1:44:06]} 11. Bxf6 {[%clk 1:42:46]}  gxf6 {[%clk 1:44:27]} 12. Kb1 {[%clk 1:42:10]}  Qb6 {[%clk 1:44:26]} 13. f5 {[%clk 1:42:21]}  O-O-O {[%clk 1:44:42]} 14. a4 {[%clk 1:41:29]}  b4 {[%clk 1:42:45]} 15. Ne2 {[%clk 1:36:42]}  Kb8 {[%clk 1:36:07]} 16. fxe6 {[%clk 1:40:50]}  fxe6 {[%clk 1:36:19]} 17. Nf4 {[%clk 1:25:12]}  Rhe8 {[%clk 1:20:41]} 18. Bc4 {[%clk 1:23:43]}  Bf8 {[%clk 1:06:41]} 19. Qe2 {[%clk 1:18:01]}  Ka7 {[%clk 1:09:47]} 20. Bb3 {[%clk 1:06:02]}  Na5 {[%clk 1:01:37]} 21. Rhf1 {[%clk 0:55:57]}  Bg7 {[%clk 0:55:55]} 22. Qd3 {[%clk 0:59:59]}  Nb7 {[%clk 0:45:44]} 23. Nd4 {[%clk 0:57:15]}  Nc5 {[%clk 0:36:57]} 24. Qh3 {[%clk 0:39:49]}  Re7 {[%clk 0:28:10]} 25. Nfxe6 {[%clk 0:38:32]}  Rde8 {[%clk 0:23:50]} 26. a5 {[%clk 0:33:37]}  Qxa5 {[%clk 0:07:56]} 27. Nxg7 {[%clk 0:29:28]}  Rxg7 {[%clk 0:04:04]} 28. Qxd7+ {[%clk 0:26:38]}  Rxd7 {[%clk 0:22:21]} 29. Nc6+ {[%clk 0:10:03]}  Kb6 {[%clk 0:22:45]} 30. Nxa5 {[%clk 0:10:29]}  Kxa5 {[%clk 0:22:15]} 31. Rxf6 {[%clk 0:08:48]}  Rxe4 {[%clk 0:19:54]} 32. Bd5 {[%clk 0:04:17]}  Re2 {[%clk 0:18:56]} 33. Bf3 {[%clk 0:02:01]}  Rf2 {[%clk 0:17:41]} 34. Rfxd6 {[%clk 0:06:07]}  Rxd6 {[%clk 0:17:46]} 35. Rxd6 {[%clk 0:04:55]}  b3 {[%clk 0:15:11]} 36. cxb3 {[%clk 0:04:51]}  Nxb3 {[%clk 0:13:37]} 37. Ka2 {[%clk 0:01:11]}  Nd2 {[%clk 0:11:16]} 38. Bd5 {[%clk 0:01:16]}  Nf1 {[%clk 0:14:30]} 39. Ka3 {[%clk 0:00:39]}  Kb5 {[%clk 0:13:44]} 40. Bb7 {[%clk 0:24:58]}  Nxh2 {[%clk 0:40:17]} 41. b4 {[%clk 0:12:49]}  Kc4 {[%clk 0:39:55]} 42. Bxa6+ {[%clk 0:22:23]}  Kc3 {[%clk 0:38:52]} 43. b5 {[%clk 0:21:50]}  Rf1 {[%clk 0:37:47]} 44. Rc6 {[%clk 0:20:53]}  Kd4 {[%clk 0:34:16]} 45. b6 {[%clk 0:18:01]}  Kd5 {[%clk 0:39:36]} 46. b7 {[%clk 0:17:46]}  Kxc6 {[%clk 0:39:10]} 47. b8=Q {[%clk 0:18:07]}  Ra1+ {[%clk 0:39:04]} 48. Kb2 {[%clk 0:18:34]}  Rxa6 {[%clk 0:40:00]} 49. Qxh2 {[%clk 0:18:57]} 1-0

[Event "Masters Tournament (MTO)"]
[Site "Biel, CH"]
[Date "2025.07.22"]
[Round "8"]
[White "Chen, Jun-Wei"]
[Black "Sanket Chakravarty"]
[Result "0-1"]
[Board "16"]
[WhiteFideId "16304128"]
[BlackFideId "25032038"]
[BlackTitle "IM"]
[WhiteElo "1906"]
[BlackElo "2301"]
[WhiteTeam "TPE"]
[BlackTeam "IND"]
[WhiteClock "0:06:58"]
[BlackClock "0:10:42"]
[Variant "Standard"]

1. e4 {[%clk 1:40:57]}  c5 {[%clk 1:29:20]} 2. Nf3 {[%clk 1:41:20]}  d6 {[%clk 1:29:45]} 3. d4 {[%clk 1:41:44]}  cxd4 {[%clk 1:30:11]} 4. Nxd4 {[%clk 1:42:06]}  Nf6 {[%clk 1:30:38]} 5. Nc3 {[%clk 1:42:28]}  a6 {[%clk 1:30:47]} 6. Rg1 {[%clk 1:42:47]}  g6 {[%clk 1:31:05]} 7. g4 {[%clk 1:42:57]}  Nc6 {[%clk 1:31:27]} 8. g5 {[%clk 1:42:40]}  Nd7 {[%clk 1:31:45]} 9. Be3 {[%clk 1:42:11]}  h6 {[%clk 1:31:11]} 10. h4 {[%clk 1:40:40]}  hxg5 {[%clk 1:31:18]} 11. hxg5 {[%clk 1:41:02]}  Bg7 {[%clk 1:31:05]} 12. Qd2 {[%clk 1:40:46]}  Nde5 {[%clk 1:31:21]} 13. Be2 {[%clk 1:40:29]}  Ng4 {[%clk 1:31:08]} 14. Bxg4 {[%clk 1:33:50]}  Bxg4 {[%clk 1:31:29]} 15. f4 {[%clk 1:32:34]}  Qc8 {[%clk 1:23:01]} 16. Nd5 {[%clk 1:25:49]}  Nxd4 {[%clk 1:21:36]} 17. Bxd4 {[%clk 1:22:29]}  Bxd4 {[%clk 1:21:41]} 18. Qxd4 {[%clk 1:22:47]}  Rh2 {[%clk 1:21:57]} 19. c4 {[%clk 1:20:14]}  Rb8 {[%clk 0:59:18]} 20. Rc1 {[%clk 1:05:21]}  Be6 {[%clk 0:53:34]} 21. Ne3 {[%clk 1:03:19]}  Qc6 {[%clk 0:50:41]} 22. Rg2 {[%clk 1:01:27]}  Rh4 {[%clk 0:46:18]} 23. Rf2 {[%clk 0:59:46]}  Kd7 {[%clk 0:46:21]} 24. Kd2 {[%clk 0:57:17]}  Rbh8 {[%clk 0:45:02]} 25. Rcf1 {[%clk 0:55:27]}  Qa4 {[%clk 0:41:53]} 26. Qb6 {[%clk 0:54:24]}  Kc8 {[%clk 0:41:51]} 27. Qb3 {[%clk 0:44:41]}  Qc6 {[%clk 0:41:24]} 28. Qd3 {[%clk 0:44:10]}  Kb8 {[%clk 0:40:58]} 29. Qd4 {[%clk 0:31:39]}  Qa4 {[%clk 0:40:33]} 30. a3 {[%clk 0:25:21]}  Rc8 {[%clk 0:35:32]} 31. Rc1 {[%clk 0:30:58]}  Qb3 {[%clk 0:35:51]} 32. Qc3 {[%clk 0:28:03]}  Qb6 {[%clk 0:36:10]} 33. b3 {[%clk 0:25:36]}  Qc5 {[%clk 0:31:49]} 34. a4 {[%clk 0:24:34]}  Rh3 {[%clk 0:29:49]} 35. Rcf1 {[%clk 0:23:29]}  Rch8 {[%clk 0:21:52]} 36. Rf3 {[%clk 0:23:10]}  Bd7 {[%clk 0:21:29]} 37. R1f2 {[%clk 0:19:04]}  a5 {[%clk 0:20:03]} 38. Nc2 {[%clk 0:15:28]}  Bg4 {[%clk 0:13:57]} 39. Re3 {[%clk 0:15:23]}  Rh1 {[%clk 0:14:21]} 40. Ne1 {[%clk 0:11:37]}  R8h3 {[%clk 0:14:01]} 41. Nf3 {[%clk 0:11:03]}  Bxf3 {[%clk 0:09:32]} 42. Rexf3 {[%clk 0:08:12]}  Rxf3 {[%clk 0:09:56]} 43. Qxf3 {[%clk 0:06:39]}  Qd4+ {[%clk 0:10:21]} 44. Kc2 {[%clk 0:06:58]}  Ra1 {[%clk 0:10:42]} 0-1